| 000 | 00997nam a2200241Ia 4500 | ||
|---|---|---|---|
| 001 | 939-MOS sa an (19520) | ||
| 003 | IT-MiSPE | ||
| 008 | 171229s9999||||xx |||||||||||||| ||und|| | ||
| 040 |
_aIT-MiSPE _cIT-MiSPE |
||
| 041 | _aITALIANO | ||
| 100 | _aSabatino Moscati | ||
| 245 | 0 | _aLe antiche civiltà semitiche | |
| 250 | _a1a ed. (v) | ||
| 260 |
_aMilano _bFeltrinelli _c1981 |
||
| 300 |
_a338 p. _c18 cm |
||
| 490 |
_aUniversale economica _v328 |
||
| 500 | _aSemiti | ||
| 501 | _aEdizioni San Paolo srl - Piazza Soncino, 5 - 20092 CINISELLO BALSAMO (MI) (non commercial uses only) ® Copyright 2018 | ||
| 520 | _aTav. | ||
| 942 | _cBK | ||
| 957 | _71 | ||
| 999 |
_a5927 _bNO _g Copie: 1 _c356833 _d356833 |
||